|
|
|
|
| LEADER |
00000naa a2200000 i 4500 |
| 001 |
publ547 |
| 005 |
20151110113955.0 |
| 008 |
151110s2003 hu o 000 zxx d |
| 040 |
|
|
|a BGE Publikációtár Repozitórium
|b hun
|
| 100 |
1 |
|
|a Siklósi Ágnes
|
| 245 |
1 |
0 |
|a Several special issues of the evaluation of securities representing credit relation
|c Siklósi Ágnes
|h [elektronikus dokumentum]
|
| 260 |
|
|
|a Budapesti Gazdasági Főiskola
|b Budapest
|c 2003
|
| 300 |
|
|
|a 237-246
|
| 490 |
0 |
|
|a Tudományos Évkönyv 2002: Híd kelet és nyugat között
|
| 650 |
|
4 |
|a gazdálkodás- és szervezéstudományok
|
| 695 |
|
|
|a Értékpapírok
|
| 695 |
|
|
|a Hitelviszony
|
| 856 |
4 |
0 |
|u https://publikaciotar.uni-bge.hu/id/eprint/547/1/Sikl%C3%B3si%20%C3%81gnes%20-%20Several%20special%20issues%20of%20the%20evaluation%20of%20securities%20representing%20credit%20relation.pdf
|z Dokumentum-elérés
|